000 00351nam a2200145Ia 4500
008 230711s9999||||xx |||||||||||||| ||und||
041 _aENG
082 _a624
_bTH-L
100 _aThyagarajan,K
245 0 _aLaser theory and application
250 _a1st
260 _c1981
_aMadras
_bMacMillan Publications Pvt.Ltd
650 _aPhysics
942 _cBK
999 _c1423
_d1423